_Financial accounting tools for business decicion making Paul D Kimmel (Record no. 13090)
[ view plain ]
| 000 -LEADER | |
|---|---|
| fixed length control field | 00467nam a2200145Ia 4500 |
| 008 - FIXED-LENGTH DATA ELEMENTS--GENERAL INFORMATION | |
| fixed length control field | 151021s9999 xx 000 0 und d |
| 020 ## - INTERNATIONAL STANDARD BOOK NUMBER | |
| International Standard Book Number | 9.7804702398e+012 |
| 050 ## - LIBRARY OF CONGRESS CALL NUMBER | |
| Classification number | HF 5635.K538 2009 |
| 245 ## - TITLE STATEMENT | |
| Title | _Financial accounting tools for business decicion making Paul D Kimmel |
| 260 ## - PUBLICATION, DISTRIBUTION, ETC. (IMPRINT) | |
| Place of publication, distribution, etc. | New Jersey John Wiley &sons 2009 |
| 300 ## - PHYSICAL DESCRIPTION | |
| Extent | xxx,717,l-17p.;ill |
| 650 ## - SUBJECT ADDED ENTRY--TOPICAL TERM | |
| Topical term or geographic name as entry element | _Financial accounting |
| 700 ## - ADDED ENTRY--PERSONAL NAME | |
| Personal name | _Jerry J weygandt |
| 980 ## - EQUIVALENCE OR CROSS-REFERENCE-SERIES STATEMENT--PERSONAL NAME/TITLE [LOCAL, CANADA] | |
| Personal name | ^d20130507 04:13:47^oanne |
No items available.